| 000 | 00668nam a22001817a 4500 | ||
|---|---|---|---|
| 005 | 20251108164230.0 | ||
| 008 | 250721s1998 xx 000 0 ara d | ||
| 082 | 1 | 4 | _a327.12/ايت |
| 100 | 1 | _aايتيان، جينوفيفا | |
| 245 | 1 | 0 |
_aتاريخ الجاسوسية العالمية : _bالإستخبارات السرية منذ رمسيس الثاني و حتى اليوم / |
| 264 | 1 |
_aدمشق : _bدار الفاضل للتأليف و الترجمة و النشر، _c1998. |
|
| 300 | _a433ص | ||
| 650 | 1 | 7 | _aالجاسوسية |
| 700 | 1 | _aمونيكيه، كلود | |
| 700 | 1 |
_aبطش، مروان _eترجمة |
|
| 942 |
_2ddc _cBK |
||
| 999 |
_c6986 _d6986 |
||